| 000 | 00448cam a2200181ua 4500 | ||
|---|---|---|---|
| 020 | _c20.00 | ||
| 041 |
_aeng _h |
||
| 082 |
_a410 _bVOS/SP |
||
| 100 | _aVossler, Karl. | ||
| 245 |
_aSpirit of language in civilisation / _cKarl Vossler. _hTextual Documents |
||
| 250 |
_a1 / _b. |
||
| 260 |
_aLondon : _bRoutledge & Kegan Paul Ltd , _c1951. |
||
| 300 | _a247 ; . | ||
| 365 | _a20.00 | ||
| 504 | _a | ||
| 942 | _cBK | ||
| 999 |
_c5714 _d5714 |
||